=LDR 00000nam 2200000 4500 =001 INLIS000000000013556 =005 20130612104930 =008 ***********************************Ind** =035 ##$$0010-061300000013556 =041 ##$$a Ind =082 ##$$a 910.202 =090 ##$$a 910.202, Sus b =100 ##$$a Susatyo, Suni tri =245 ##$$a Buku babon Data dan imformasi dunia terkini 2003, Suni Tri Susatyo =260 ##$$a Grama widya6c2003 $b Bogor =300 ##$$a 496 hlm, Ilus, 20 cm =650 ##$$a Geogerafi - Buku pintar =850 ##$$a NBPNMAT